1663 1935 1667 1973 1423 1185 1727 1384 1622 1012 1593 1544 1854 1023 1118 1587 1268 1778 1010 1626 1176 1944 1762 1726 1439 1446 1635 1164 1515 1597 1571 1415 1706 1776 1943 1149 1212 1021 1421 1357 1486 1893 1794 1608 1245 1943 1389 1656 1550 1811 1833 1611 1054 1018 1380 1335 1180 1986 1286 1282 1800 1347 1582 1283 1435 1623 1055 1313 1867 1585 1709 1112 1149 1863 1693 1966 1368 1681 1316 1081 1059 1019 1939 1225 1666 1051 1731 1263 1262 1314 1270 1446 1592 1589 1091 1660 1374 1266 1013 BCNSPRNW ULIB Ver.6.0+V

เปลี่ยนเป็นภาษาไทย

Change to English
 แสดงรายละเอียดบรรณานุกรม
  กลับหน้าหลัก

Brief Record : Get Marc (ISO 2709) : E-mail record : QR code < ปิดหน้าต่าง
LEADER : 00000nam 2200000uu 4500
001    13399110981
003     ULIB
008    110614s||||||||th 000 0 tha d
020    9748212432 (ล.2)
050  4 AC159^bส631น ล.2 2543
245 00 108 ซองคำถาม.^nเล่ม 2 /^cประวิทย์ สุวณิชย์, บรรณาธิการ
250    พิมพ์ครั้งที่ 3
260    กรุงเทพฯ :^bสารคดี,^c2543
300    222 หน้า :^bภาพประกอบ
650  4 ความรู้ทั่วไป
650  4 รวมเรื่อง
650  4 คำถามและคำตอบ
700 0  ประวิทย์ สุวณิชย์
945    ^p76^l0^i015940
995    ทศพร
999 ^a ใช้งานได้ทุกระบบ
รายการนี้ยังไม่มีแท็ก
คุณยังไม่ได้ล็อกอิน คุณสามารถมีกิจกรรมร่วมกับเว็บไซต์ได้ แต่ต้องล็อกอินก่อน ::
  ล็อกอิน

รายการสื่อสารสนเทศ

ลำดับที่ ประเภท เลขเรียก/บาร์โค้ด สถานที่ สถานะ
- ไม่พบข้อมูล -

รายการใกล้เคียง
    หัวเรื่อง [ความรู้ทั่วไป]
    หัวเรื่อง [รวมเรื่อง]
    หัวเรื่อง [คำถามและคำตอบ]

BibComment


ยังไม่เคยถูกคอมเมนท์

คอมเมนท์ทรัพยากรรายการนี้
  คอมเมนท์: 108 ซองคำถาม เล่ม..


 Copyright 2026. Bcnsprnw @Library